[Event "Brno Duras op-B"]
[Site "Brno"]
[Date "2012.06.28"]
[Round "7"]
[White "Zhamkochian, Ernest"]
[Black "Zikan, Karel"]
[Result "1-0"]
[WhiteElo "1000"]
[BlackElo "1838"]
[PlyCount "75"]
[EventDate "2012.06.23"]
[EventType "tourn"]
[EventRounds "9"]
[EventCountry "CZE"]
[SourceTitle "CBM 149 Extra"]
[Source "ChessBase"]
[SourceDate "2012.08.24"]
[SourceVersion "1"]
[SourceVersionDate "2012.08.24"]
[SourceQuality "1"]

1. e4 c6 2. d4 d5 3. e5 Bf5 4. Nf3 e6 5. Bd3 Ne7 6. 0-0 Bxd3 7. Qxd3 Nf5 8. g3 Qb6 9. b3 c5 10. dxc5 Bxc5 11. c3 Nc6 12. Ba3 0-0 13. Bxc5 Qxc5 14. b4 Qb6 15. Na3 Rac8 16. Nc2 Qc7 17. Rfe1 a6 18. a3 b5 19. Ncd4 Nfe7 20. Ng5 g6 21. f4 Nxd4 22. cxd4 Qc3 23. Red1 Rc4 24. Qxc3 Rxc3 25. Rdc1 Rfc8 26. Rxc3 Rxc3 27. a4 h6 28. axb5 hxg5 29. bxa6 Rc8 30. b5 Ra8 31. b6 Nc6 32. a7 Nd8 33. fxg5 Kf8 34. Rc1 Nb7 35. Rc7 Na5 36. b7 Nxb7 37. Rxb7 Kg7 38. Kf2 1-0

[Event "Brno Duras op-B"]
[Site "Brno"]
[Date "2012.06.25"]
[Round "4"]
[White "Holemar, Kamil"]
[Black "Zhamkochian, Ernest"]
[Result "0-1"]
[WhiteElo "1800"]
[BlackElo "1000"]
[PlyCount "42"]
[EventDate "2012.06.23"]
[EventType "tourn"]
[EventRounds "9"]
[EventCountry "CZE"]
[SourceTitle "CBM 149 Extra"]
[Source "ChessBase"]
[SourceDate "2012.08.24"]
[SourceVersion "1"]
[SourceVersionDate "2012.08.24"]
[SourceQuality "1"]

1. e3 e5 2. b3 d5 3. Bb2 Nc6 4. f3 a6 5. Ne2 Bd6 6. d3 Nh6 7. g3 0-0 8. c4 Bb4+ 9. Bc3 Bxc3+ 10. Nbxc3 d4 11. Nd5 dxe3 12. Nxe3 Nd4 13. Bg2 Nhf5 14. Qd2 Nxe3 15. Nxd4 exd4 16. Kf2 c5 17. Rhe1 b5 18. Re2 Bb7 19. Rae1 f5 20. Rxe3 dxe3+ 21. Rxe3 f4 0-1